Spišská Nová Ves príspevok k miestopisnej monografii

Podrobná bibliografia
Hlavný autor: Vojtáš, Matej, 1904-1968 (Autor)
Médium: Kniha
Jazyk:slovenčina
Fyzický popis:135, iii strán 21 cm
Vydavateľské údaje: V Spišskej Novej Vsi Odbor školstva a kultúry Rady ONV [1957]
Predmet:

MARC

LEADER 00000cam a2200000 a 4500
001 vtls001324749
003 SK-MaSNL
005 20260302033244.0
008 240226s1957 xo gr 010 0 slo
015 |a SNBA1957 
020 |q (brožované) 
035 |a SNK000277487 
035 |a urn:nbn:sk:snk-am3igy0 
035 |a 342F1973-A29A-475B-BD98-EF85A3DB21BD 
035 |a urn:nbn:sk:snk-am00edn2 
040 |a SNK  |b slo  |c SNK  |e AACR2 
041 0 |a slo 
043 |a e-xo--- 
044 |a xo  |c SK 
072 7 |a 94(437)  |x Dejiny Česka a Slovenska  |2 konspekt 
080 |a 911.3:908  |2 2011 
080 |a 911.375(091)  |2 2011 
080 |a (437.6)  |2 2011 
080 |a (048.8)  |2 2011 
100 1 |a Vojtáš, Matej,  |d 1904-1968  |4 aut  |9 9057 
245 1 0 |a Spišská Nová Ves  |b príspevok k miestopisnej monografii  |c Matej Vojtáš 
260 |a V Spišskej Novej Vsi  |b Odbor školstva a kultúry Rady ONV  |c [1957]  |e Spišská Nová Ves  |f Košické tlačiarne 
300 |a 135, iii strán  |c 21 cm 
500 |a Vydané ako príloha Spišskonovoveského priekopníka 
500 |a S venovaním autora 
504 |a Bibliografia na strane i.-iii 
650 0 7 |a historický miestopis  |2 SNKPH  |9 236413 
650 0 7 |a dejiny miest  |2 SNKPH  |9 164833 
651 7 |a Spišská Nová Ves (Slovensko)  |2 SNKPHgeo  |9 28800 
655 7 |a prehľady  |2 SNKPH  |9 70194 
752 |a Slovensko  |d Spišská Nová Ves 
852 |a Slovenská národná knižnica 
954 |a odborná, vedecká literatúra pôvodná (slovenská)  |2 lita 
958 |a OND 
958 |a NB 
958 |a EUIPO 
999 |c 1060912  |d 1062842 
952 |a SNK  |b SNK  |y VYP  |7 0  |p 17A0568048  |o snkSC 13867 D1  |i snkK 409/76  |8 3  |0 0  |1 0  |4 0  |d 2008-01-28  |l 0  |r 2026-02-24 15:25:36  |w 2026-02-24 
952 |a SNK  |b SNK  |y VYP  |7 0  |p 17A0475896  |o snkSC 13867 D2  |i snkK 410/76  |8 3  |0 0  |1 0  |4 0  |d 2008-03-05  |l 0  |r 2026-02-24 15:25:36  |w 2026-02-24 
952 |a SNK  |b SNK  |y PREZ  |7 0  |p 17A0129465  |o snkSC 13867  |i snkKSF 2815/59  |8 5  |0 0  |1 0  |4 0  |d 1998-03-17  |f 1  |l 0  |r 2025-07-16 00:00:00  |w 2026-02-24